Combien d'animaux pouvez-vous nommer ? - Statistiques

Statistiques générales
  • Ce quiz a été pris 471 fois
    447 depuis la dernière actualisation
  • Le résultat moyen est 154 sur 2877
Statistiques - réponses
Groupe Nom % Correct
Mammifère Chat
93%
Mammifère Chien
92%
Poisson Chien / Chien de mer
92%
Mammifère Lion
88%
Poisson Requin
83%
Insectes | Mammifère Tigre
83%
Arachnide | Crustacés Pou
78%
Insectes Pou / Morpion
78%
Mammifère Cheval
77%
Echinoderme | Mammifère Cochon
77%
Mammifère Éléphant
76%
Mammifère Baleine
75%
Poisson Poisson
75%
Mammifère Ours
74%
Poisson Bar / Loup
73%
Mammifère Rat
73%
Mammifère Vache
72%
Mammifère Chèvre
71%
Mammifère Loup
70%
Poisson Loup / Poisson-loup
70%
Reptile Serpent
70%
Mammifère Souris
70%
Oiseau Ara
69%
Mammifère Lapin
69%
Mammifère Léopard / Panthère
69%
Mammifère Dauphin
68%
Mammifère Giraffe
68%
Mammifère Paresseux / Unau / Aï
68%
Oiseau Pie
66%
Oiseau Poule
66%
Mammifère Zèbre
65%
Insectes Zébré
65%
Oiseau Fou
62%
Mammifère Gorille
61%
Mammifère Mouton
61%
Insectes Abeille
60%
Oiseau Aigle
60%
Poisson Aigle / Raie aigle
60%
Mammifère Singe
60%
Oiseau Coq
59%
Poisson Perroquet / Poisson-perroquet
59%
Mammifère Renard
59%
Mammifère Ane
58%
Insectes Fourmi
58%
Mammifère Jaguar
58%
Oiseau Perroquet
58%
Arachnide | Crustacés Araignée
57%
Insectes Araignée d'eau / Araignée
57%
Reptile Crocodile
57%
Mammifère Koala
57%
Mammifère Cerf
56%
Oiseau Canard
55%
Mammifère Hippopotame
55%
Mammifère Hamster
54%
Mammifère Kangourou
54%
Insectes Mouche
54%
Insectes | Reptile Tortue
54%
Oiseau Autruche
53%
Mammifère Guépard
53%
Mammifère Orque
53%
Mammifère Panda
53%
Mammifère Sanglier
53%
Mammifère | Mollusque Lièvre
52%
Insectes Papillon
52%
Oiseau Pigeon
51%
Mammifère Rhinocéros
51%
Insectes Rhinocéros / Scarabée-rhinocéros
51%
Crustacés Crabe
50%
Amphibien Grenouille
50%
Insectes | Oiseau Hibou
50%
Insectes Panthère
50%
Poisson Saumon
50%
Reptile Alligator
49%
Oiseau Oie
49%
Mammifère Phoque
49%
Insectes Coccinelle
48%
Cnidaire Cuboméduse / Piqueur / Guêpe / Main / Dard / Méduse-boîte
48%
Cnidaire Grande rouge / Rouge
48%
Insectes Guêpe
48%
Mammifère Hyène
48%
Poisson Thon
48%
Insectes | Oiseau Chouette
47%
Oiseau Corbeau
47%
Reptile Lézard
47%
Insectes Moustique / Maringouin
47%
Poisson Poisson-clown / clown
47%
Mollusque Moule
46%
Mammifère Antilope
45%
Oiseau Dindon / Dinde
45%
Mollusque Escargot
45%
Mammifère Lama
45%
Oiseau Pingouin
45%
Annélides | Nématode Ver
45%
Plathelmynthes Ver / Ver plat
45%
Crustacés Crevette
43%
Mammifère Otarie
43%
Poisson Raie
43%
Insectes Rayure / Raie
43%
Insectes Biche
42%
Mollusque | Poisson Limace
42%
Mammifère Chimpanzé
41%
Insectes Gazé
41%
Mammifère Hérisson
41%
Mollusque Huître
41%
Cnidaire Méduse
41%
Mammifère Loutre
40%
Reptile Anaconda
39%
Reptile Boa
39%
Mammifère Buffle
39%
Insectes | Mammifère Chameau
39%
Insectes | Mammifère Dromadaire
39%
Insectes | Oiseau | Poisson Paon
39%
Mollusque Pieuvre
39%
Mammifère Babouin
38%
Mammifère Bison
38%
Mammifère Castor
38%
Mammifère Chevreuil
38%
Amphibien Crapaud
38%
Poisson Crapaud / Poisson-crapaud / Batrachoïde
38%
Mammifère Lynx
38%
Mammifère Raton
38%
Oiseau Vautour
38%
Reptile Caïman
37%
Mollusque Calmar / Calamar / Chipiron / Supion / Tautène
37%
Mammifère Écureuil
37%
Poisson Ecureuil / Poisson-écureuil
37%
Crustacés Homard
37%
Oiseau Manchot
37%
Oiseau Mouette
37%
Mammifère Narval
37%
Mammifère Orang-outan
37%
Arachnide Scorpion
37%
Reptile Vipère
37%
Mammifère Caribou / Renne
36%
Reptile Cobra
36%
Insectes | Reptile Dragon
36%
Oiseau Faucon
36%
Mammifère Lémur
36%
Insectes Puce
36%
Mammifère Puma
36%
Poisson Sar
36%
Crustacés Talitre /puce de mer / Puce
36%
Mammifère Chauve-souris
35%
Mammifère Élan
35%
Insectes Frelon
35%
Mammifère Gazelle
35%
Poisson Truite
35%
Insectes Cafard
34%
Reptile Iguane
34%
Mammifère Marmotte
34%
Insectes Scarabée
34%
Mammifère Yack / Yak
34%
Insectes Libellule
33%
Poisson Sardine
33%
Insectes Sauterelle
33%
Mammifère Taupe
33%
Mammifère | Poisson Béluga / Bélouga
32%
Insectes Bourdon
32%
Echinoderme Etoile de mer / Astérie / Etoile
32%
Poisson Hippocampe
32%
Insectes Moine
32%
Mammifère Morse
32%
Oiseau Perruche
32%
Mammifère Phacochère
32%
Mollusque Poulpe
32%
Oiseau Rouge-gorge
32%
Mammifère Tahr
31%
Poisson Anguille
30%
Oiseau Colibri
30%
Oiseau Cygne
30%
Oiseau Flamant
30%
Mammifère Furet
30%
Arachnide Mygale
30%
Amphibien Salamandre
30%
Crustacés Bouquet
29%
Poisson Carpe
29%
Oiseau Émeu
29%
Oiseau Kiwi
29%
Poisson Poisson-chat
29%
Mammifère Blaireau
28%
Reptile Caméléon
28%
Insectes Gendarme / Pyrrhocore
28%
Mammifère Gnou
28%
Oiseau Goéland
28%
Mammifère Grizzly / Grizzli
28%
Oiseau Hirondelle
28%
Oiseau Mésange
28%
Oiseau Moineau
28%
Poisson Morue / Cabillaud
28%
Mammifère Ornithorynque
28%
Mammifère Ouistiti
28%
Poisson Requin-marteau
28%
Mammifère Tapir
28%
Oiseau Toucan
28%
Mammifère Cachalot
27%
Mammifère Macaque
27%
Insectes Punaise
27%
Mammifère Suricate
27%
Mammifère Fennec
26%
Mammifère | Oiseau Fourmilier
26%
Oiseau Merle
26%
Oiseau Pélican
26%
Mammifère Alpaga / Alpaca
25%
Mammifère Belette
25%
Mammifère Bonobo
25%
Oiseau Cigogne
25%
Oiseau Colombe
25%
Reptile Couleuvre
25%
Mammifère Daim
25%
Crustacés Écrevisse
25%
Crustacés Langouste
25%
Insectes Mante
25%
Insectes Mars
25%
Reptile Varan
25%
Mammifère Bouquetin
24%
Mammifère Chacal
24%
Poisson Espadon
24%
Reptile Python
24%
Oiseau Buse
23%
Mammifère Chinchilla
23%
Insectes | Mammifère | Poisson | Reptile Diable
23%
Oiseau Grue
23%
Oiseau Héron
23%
Poisson Licorne / Nasique
23%
Autre arthropode Mille-pattes
23%
Mammifère Okapi
23%
Echinoderme Oursin
23%
Mammifère Ragondin
23%
Oiseau Tarin
23%
Arachnide Tique
23%
Oiseau Cacatoès
22%
Poisson Dorade / Daurade
22%
Oiseau Faisan
22%
Mammifère Humain
22%
Oiseau Martin
22%
Mammifère Musaraigne
22%
Mammifère Pangolin
22%
Poisson Porc-épic / Poisson-porc-épic / Poisson-hérisson
22%
Mammifère Putois
22%
Insectes | Oiseau Albatros
21%
Mammifère Chamois
21%
Oiseau Corneille
21%
Mammifère Fouine
21%
Mammifère Mulot
21%
Mammifère Porc-épic
21%
Mammifère Capybara / Cabiaï
20%
Cnidaire Corail
20%
Mammifère Coyote
20%
Insectes Criquet
20%
Mammifère Dingo
20%
Reptile Gecko
20%
Mammifère Lamantin
20%
Poisson Maquereau
20%
Insectes Moucheron
20%
Mammifère Murin
20%
Mammifère Ocelot
20%
Crustacés Pagure / Bernard-l'hermite / Bernard-l'ermite
20%
Oiseau Pic
20%
Poisson Piranha
20%
Poisson Poisson-lune / Mole / Ranzania
20%
Poisson Poisson rouge
20%
Poisson Sole
20%
Mammifère Zébu
20%
Oiseau Condor
19%
Amphibien Coquí
19%
Mollusque Couteau
19%
Mammifère Gerbille
19%
Mammifère Lycaon
19%
Mammifère Marsouin
19%
Insectes Misis / Lycaon / Bioculé
19%
Mammifère Wapiti
19%
Poisson Brochet
18%
Crustacés | Insectes Cigale
18%
Poisson Requin-baleine
18%
Insectes Taon
18%
Oiseau Tourterelle
18%
Arachnide | Oiseau Veuve
18%
Mammifère Wallaby
18%
Cnidaire Anémone
17%
Amphibien Axolotl
17%
Mammifère Gibbon
17%
Oiseau Mango
17%
Mammifère Moufette
17%
Mammifère Oryx
17%
Poisson Barracuda
16%
Insectes Bousier / Géotrupe
16%
Poisson Colin / Lieu / Goberge
16%
Poisson Esturgeon
16%
Mammifère Impala
16%
Crustacés Langoustine
16%
Mammifère Mandrill
16%
Mammifère Mangouste
16%
Poisson Mulet / Muge / meuille
16%
Poisson Poisson-ballon / Poisson-globe / Fugu
16%
Arachnide Tarentule
16%
Mammifère Wombat
16%
Insectes Blatte
15%
Oiseau Casoar
15%
Crustacés Cloporte / Isopode / Porcellion / Armadille
15%
Oiseau | Poisson Épervier
15%
Insectes | Mammifère Hermine
15%
Oiseau Macareux
15%
Mammifère Martre
15%
Insectes Phasme
15%
Amphibien Rainette
15%
Poisson Silure
15%
Mammifère Tatou
15%
Amphibien | Mollusque Triton
15%
Mollusque Vis
15%
Mollusque Bigorneau
14%
Oiseau Caille
14%
Reptile Crotale
14%
Oiseau Ibis
14%
Mammifère Loir
14%
Oiseau Perdrix
14%
Mammifère Serval
14%
Mammifère Tamanoir
14%
Insectes Truie
14%
Arachnide Acarien
13%
Mollusque Bulot
13%
Oiseau Coucou
13%
Poisson Coucou / Synodontis
13%
Oiseau Étourneau
13%
Reptile Gavial
13%
Insectes | Oiseau Geai
13%
Mammifère Glouton
13%
Insectes Gnorime / Verdet
13%
Insectes Grillon
13%
Insectes Luciole
13%
Mammifère Maki
13%
Reptile Mamba
13%
Mammifère Nasique
13%
Mammifère Orignal
13%
Reptile Orvet
13%
Mollusque Palourde
13%
Poisson Perche
13%
Poisson Poisson-chirurgien / Chirurgien
13%
Insectes Puceron
13%
Autre arthropode Scolopendre
13%
Insectes Termite
13%
Mammifère Vison
13%
Arachnide Bryobe / Tétranyque / Mite
12%
Mammifère Chien de prairie
12%
Mollusque Coque
12%
Oiseau Cormoran
12%
Oiseau Harfang
12%
Agnathe Lamproie
12%
Poisson Limande
12%
Insectes Mite
12%
Mammifère Mouflon
12%
Poisson Murène
12%
Oiseau Pygargue
12%
Mammifère Rorqual
12%
Mollusque Seiche
12%
Mammifère Caracal
11%
Mammifère Cobaye
11%
Poisson Combattant
11%
Insectes Coquille d'or / Coquille
11%
Mollusque Coquille saint Jacques / Coquille
11%
Mammifère Échidné
11%
Mammifère Mara
11%
Oiseau Martin-pêcheur
11%
Poisson Merlan / Poutassou
11%
Poisson Merlu
11%
Poisson Mérou
11%
Mammifère Opossum / Sarigue
11%
Poisson Rouget
11%
Mammifère Tarsier
11%
Mammifère Tur
11%
Oiseau Alouette
10%
Mammifère Aye-aye
10%
Mammifère Campagnol
10%
Insectes | Mammifère | Oiseau Capucin
10%
Mammifère Coati
10%
Porifères Eponge
10%
Poisson Hareng
10%
Oiseau Huppe
10%
Oiseau Inséparable
10%
Oiseau Milan
10%
Oiseau Nandou
10%
Poisson Poisson-scie / Requin-scie
10%
Oiseau Quetzal
10%
Mammifère Ratel
10%
Mammifère | Poisson Tamarin
10%
Insectes Tipule / Cousin
10%
Oiseau aigrette
9%
Oiseau Colin
9%
Mammifère Dugong
9%
Oiseau Gypaète
9%
Oiseau Harpie
9%
Oiseau Marabout
9%
Oiseau Pinson
9%
Oiseau | Poisson Pintade
9%
Poisson Rascasse
9%
Annélides Sangsue
9%
Crustacés Tourteau / Dormeur / Poupard / Poupart / Poing-clos / Clos-poing / Ouvet
9%
Poisson Anchois
8%
Reptile Basilic
8%
Oiseau | Poisson Chardonneret
8%
Mammifère Civette
8%
Echinoderme Concombre
8%
Oiseau Grive
8%
Poisson Guppy
8%
Insectes Hanneton
8%
Oiseau Lori
8%
Insectes | Oiseau Monarque
8%
Mammifère Oryctérope
8%
Mollusque Patelle / Bernique / Arapède / Bernicle / Bernache
8%
Mollusque Pétoncle / Vanneau / Peigne
8%
Oiseau Quéo
8%
Mammifère Quokka
8%
Mammifère | Poisson Roussette
8%
Oiseau Spatule
8%
Mammifère Springbok
8%
Mollusque Turbo / Turban
8%
Oiseau Urubu
8%
Mammifère Vigogne
8%
Poisson Vive
8%
Mammifère Addax
7%
Poisson Aiglefin / églefin / Haddock / Anon
7%
Poisson Baudroie
7%
Oiseau | Poisson Bécasse
7%
Oiseau Bergeronnette
7%
Oiseau Choucas
7%
Insectes | Poisson Demoiselle
7%
Mammifère Dik-dik
7%
Mammifère Fossa
7%
Crustacés Gambas
7%
Mammifère Gerboise
7%
Poisson Gymnarque / Aba
7%
Poisson Lotte / Lote
7%
Oiseau Martinet
7%
Mammifère Rat-taupe
7%
Oiseau Rossignol
7%
Mammifère Atèle
6%
Oiseau Avocette
6%
Mammifère Babiroussa
6%
Crustacés Balane
6%
Oiseau Bec-en-sabot
6%
Oiseau Bernache
6%
Oiseau Calao
6%
Insectes Capricorne
6%
Insectes | Oiseau Cardinal
6%
Poisson Cardinal / Poisson-cardinal
6%
Porifères Citron / Orange
6%
Poisson cœlacanthe
6%
Mammifère Daman
6%
Poisson Exocet / Poisson-volant
6%
Poisson Flet
6%
Oiseau Foulque
6%
Poisson Goujon
6%
Oiseau Grand-duc
6%
Insectes Hulotte / Triphène
6%
Mammifère Lemming
6%
Mammifère Lérot
6%
Insectes Lucane / Cerf-volant
6%
Poisson Mandarin / Poisson-mandarin
6%
Oiseau Martin-chasseur / Kookaburra
6%
Oiseau Messager-sagittaire / Serpentaire
6%
Mammifère Nyala
6%
Insectes Perce-oreille / Forficule
6%
Mammifère Potamochère
6%
Poisson Sandre
6%
Oiseau Sterne
6%
Poisson Tétra / Tétra-néon
6%
Poisson Achigan / Black-bass
5%
Mammifère Agouti
5%
Poisson Ange
5%
Poisson Arapaïma / pirarucu / Paiche
5%
Oiseau Autour
5%
Poisson Barbus / Barbu
5%
Insectes Bleu
5%
Poisson Blobfish
5%
Oiseau Bouvreuil
5%
Mammifère Bubale
5%
Oiseau Busard
5%
Mammifère Dhole
5%
Insectes Doryphore
5%
Oiseau Duc
5%
Oiseau Effraie
5%
Insectes | Poisson Empereur
5%
Poisson Éperlan
5%
Insectes Ephémère
5%
Arachnide Faucheux / Faucheur / Opilion
5%
Oiseau Fauvette
5%
Poisson Flétan
5%
Mammifère Gaur / Gayal
5%
Mammifère Genette
5%
Poisson Gobie
5%
Oiseau Grèbe
5%
Mammifère Guanaco
5%
Mammifère Hippotrague
5%
Mammifère Isard
5%
Autre arthropode Iule
5%
Mammifère Jaguarondi
5%
Crustacés Krill
5%
Autre arthropode Limule
5%
Annélides Lombric
5%
Poisson Marlin
5%
Mollusque Marteau
5%
Reptile Monstre
5%
Poisson Napoléon
5%
Oiseau Outarde
5%
Mammifère Pika
5%
Poisson Poisson-pierre
5%
Oiseau Roitelet
5%
Mammifère Saïmiri
5%
Oiseau Serin
5%
Oiseau Serpentaire
5%
Amphibien Sirène
5%
Insectes Sphynx
5%
Poisson Tanche
5%
Autre Tardigrade
5%
Plathelmynthes Ténia / Ver solitaire
5%
Mammifère | Mollusque Vampire
5%
Poisson Able
4%
Poisson Ablette
4%
Reptile Agame
4%
Mammifère Anoa
4%
Mammifère Argali
4%
Oiseau Balbuzard
4%
Oiseau Barbu
4%
Mammifère Binturong
4%
Mammifère Bongo
4%
Oiseau Bruant
4%
Oiseau Butor
4%
Insectes | Oiseau | Poisson Chevalier
4%
Poisson Chevesne / Chevaine
4%
Mammifère Chien viverrin / Tanuki
4%
Insectes Citron
4%
Mammifère Cobe
4%
Poisson Congre
4%
Mammifère Couscous
4%
Insectes Drosophile
4%
Oiseau Engoulevent
4%
Arachnide Épeire
4%
Mammifère Gélada
4%
Mammifère Grison
4%
Oiseau Guêpier
4%
Oiseau Huitrier
4%
Oiseau Kakapo
4%
Mammifère Koudou
4%
Oiseau Linotte
4%
Oiseau Loriot
4%
Insectes Morpho
4%
Mollusque Nautile
4%
Poisson Néon
4%
Mollusque Ormeau / Oreille / Truffe
4%
Mammifère Otocyon
4%
Oiseau Palombe
4%
Mammifère Pécari
4%
Poisson Poisson-ange
4%
Poisson Poisson-chien
4%
Poisson Poisson-lanterne
4%
Mammifère Saïga
4%
Mammifère Tamia
4%
Oiseau Vanneau
4%
Mammifère Zibeline
4%
Mammifère Zorille
4%
Oiseau Accenteur
3%
Mammifère Accouchi
3%
Oiseau Amazone
3%
Oiseau Ani
3%
Insectes Atlas
3%
Mammifère Bandicoot
3%
Mammifère Banteng
3%
Poisson Barbeau
3%
Oiseau Bécassin
3%
Oiseau Bec-croisé
3%
Mollusque Bénitier / Tridacne / Manteau
3%
Poisson Brème
3%
Insectes Brun
3%
Oiseau Calopsitte
3%
Mammifère Céphalophe
3%
Insectes Cétoine
3%
Oiseau Chevêche
3%
Oiseau Circaète
3%
Insectes Cochenille
3%
Mammifère Colobe
3%
Oiseau Crick
3%
Mammifère Desman
3%
Oiseau Diamant
3%
Poisson Discus
3%
Poisson Doré
3%
Mammifère Drill
3%
Oiseau Échasse
3%
Oiseau Eider
3%
Mammifère Éland
3%
Mammifère Entelle
3%
Poisson Épinoche
3%
Insectes Flamme
3%
Oiseau Frégate
3%
Mammifère Galago
3%
Insectes Gerris / Ciseau / Patineur
3%
Oiseau Gorfou
3%
Oiseau Guillemot
3%
Insectes Hercule
3%
Oiseau Hoazin / Hoatzin
3%
Cnidaire Hydre
3%
Mammifère Indri
3%
Insectes Jaune
3%
Oiseau Kéa
3%
Mammifère Kinkajou
3%
Oiseau Lagopède
3%
Mammifère langur
3%
Mollusque | Poisson Loche
3%
Mammifère Manul
3%
Mammifère Margay
3%
Mammifère Markhor
3%
Reptile Moloch
3%
Poisson Omble
3%
Mammifère Oréotrague
3%
Oiseau Ortolan
3%
Poisson Panga
3%
Poisson Pégase
3%
Oiseau Petit-duc
3%
Mammifère Phalanger
3%
Poisson Plie
3%
Insectes Poisson d'argent / Lépisme
3%
Mammifère Polatouche
3%
Mammifère Potto
3%
Mammifère Pronghorn / Antilocapre
3%
Poisson Régalec / Poisson-ruban
3%
Oiseau Rougequeue
3%
Mammifère Siamang
3%
Oiseau Sitelle
3%
Oiseau Tadorne
3%
Reptile Taïpan
3%
Mammifère Takin
3%
Oiseau Tétras
3%
Poisson Tilapia
3%
Mammifère Topi / Tiang / Korrigum / Sassabi
3%
Poisson Toreau
3%
Oiseau Troglodyte
3%
Poisson Turbot
3%
Oiseau Tyran
3%
Mammifère Urial
3%
Mammifère Vari
3%
Oiseau Verdier
3%
Poisson Vivaneau
3%
Insectes Anax
2%
Mammifère Angwantibo / Arctocèbe
2%
Poisson Anoli
2%
Mammifère Anomalure
2%
Insectes Apollon
2%
Arachnide Argiope
2%
Poisson Arowana / Aruana / Arawana
2%
Mammifère Avahi
2%
Poisson Baliste
2%
Oiseau Bécasseau
2%
Oiseau Bécassine
2%
Oiseau Bec-en-ciseaux
2%
Mammifère Beira
2%
Mammifère Bharal
2%
Insectes Bombyx / Laineuse
2%
Oiseau Bondrée
2%
Poisson Bouvière
2%
Mollusque Bulle
2%
Reptile Caouanne
2%
Insectes Carabe
2%
Oiseau Caracara
2%
Poisson Carangue
2%
Poisson Carassin
2%
Poisson Cardeau
2%
Mammifère Cercopithèque
2%
Poisson Chabot
2%
Mammifère Chaus
2%
Oiseau Chevêchette
2%
Poisson Chimère
2%
Reptile Cistude
2%
Autre arthropode Collembole
2%
Oiseau Coq-de-roche
2%
Porifères Corbeille de Vénus / Corbeille
2%
Poisson Coryphène / Mahi mahi
2%
Oiseau Courlis
2%
Mammifère Dasyure / Chat-marsupial
2%
Mammifère Dendrolague
2%
Mammifère Douc
2%
Mammifère Douroucouli
2%
Plathelmynthes Douve
2%
Oiseau Drongo
2%
Insectes Dytique
2%
Crustacés Étrille / Portumne / Portune
2%
Poisson Feu
2%
Tunicata Figue / Violet
2%
Cnidaire Fleur de mer / Fleur
2%
Insectes Fourmilion
2%
Cnidaire Galère / Physalie / Vessie
2%
Mollusque Gallinette
2%
Oiseau Gallinule
2%
Oiseau Géocoucou
2%
Oiseau Gobemouche
2%
Mammifère Goral
2%
Oiseau Goura
2%
Oiseau Grimpereau
2%
Poisson Grondin
2%
Oiseau Gros-bec
2%
Mammifère Guib
2%
Mammifère Hylochère
2%
Mammifère Ibex
2%
Poisson Ide
2%
Oiseau Jacana
2%
Oiseau Jaseur
2%
Poisson Liche
2%
Mollusque Lime
2%
Poisson Lompe / Mump / Cycloptère / Grosse poule de mer
2%
Oiseau Loriquet
2%
Mammifère Loris
2%
Insectes Machaon
2%
Poisson Maigre
2%
Oiseau Mainate
2%
Mammifère Mangabey
2%
Oiseau Mino
2%
Mammifère Muntjac
2%
Insectes Nèpe
2%
Oiseau Néstor
2%
Mammifère Numbat
2%
Mammifère Octodon
2%
Mammifère Onagre
2%
Mammifère Oreillard
2%
Amphibien Ouaouaron / Wawaron / Grenouille-taureau
2%
Mammifère Paca
2%
Oiseau Padda
2%
Oiseau Paradisier
2%
Poisson Pastenague
2%
Poisson Pati
2%
Oiseau Pétrel
2%
Insectes Phyllie
2%
Mammifère Pipistrelle
2%
Oiseau Plongeon
2%
Oiseau Pluvier
2%
Poisson Poisson-papillon
2%
Poisson Poisson-tigre
2%
Poisson Poisson-vache
2%
Poisson Poisson-zèbre
2%
Poisson Porte-épée / Porte-glaive / Xyphophore / épée
2%
Mollusque Praire
2%
Amphibien Protée / Olm
2%
Mammifère Protèle
2%
Mammifère Puku
2%
Poisson Rémora
2%
Poisson Requin-lutin
2%
Poisson Saint-Pierre / Zée
2%
Mammifère Saki
2%
Mammifère Saola
2%
Mammifère Sapajou
2%
Oiseau Sarcelle
2%
Poisson Scalaire
2%
Autre arthropode Scutigère
2%
Crustacés Squille / Crevette-mante / Galère / Nocchia
2%
Mammifère Tamandua / Tamandou
2%
Reptile Tarente
2%
Mollusque Taret / Naval
2%
Arachnide Tégénaire
2%
Mammifère Tenrec
2%
Oiseau Tisserin
2%
Poisson Trigle / Galline / Gallinette
2%
Tunicata Tunicier / Tunicien / Tunicé
2%
Poisson Vandoise
2%
Mammifère Vervet
2%
Echinoderme Acanthaster / Acanthaser / Couronne
1%
Oiseau Acanthize
1%
Oiseau Ada
1%
Oiseau Agami
1%
Insectes Agrion / Cériagrion / Ischnure
1%
Poisson Aiguillat
1%
Mammifère Allocèbe
1%
Poisson Alose
1%
Amphibien Alyte
1%
Mollusque Amande
1%
Poisson Amie / Poisson-castor / Choupique
1%
Reptile Amphisbène
1%
Nématode Anguillule
1%
Poisson Apogon
1%
Oiseau Apôtre
1%
Oiseau Araçari
1%
Oiseau Araponga
1%
Poisson Arc-en-ciel / Poisson Arc-en-ciel
1%
Mollusque Arche de Noé / Arche
1%
Insectes | Oiseau Argus
1%
Oiseau Arlequin
1%
Nématode Ascaris
1%
Poisson Aspe
1%
Mammifère Athérure
1%
Mammifère Aulacode
1%
Insectes Azuré
1%
Mammifère Barasingha
1%
Mammifère Barbastelle
1%
Poisson Barbotte
1%
Oiseau Barge
1%
Mammifère Bérardie
1%
Oiseau Bihoreau
1%
Poisson Blennie
1%
Oiseau Blongios
1%
Insectes Bombardier
1%
Poisson Bonite
1%
Reptile Boomslang
1%
Poisson Bossu
1%
Mammifère Boto
1%
Insectes Bouffon
1%
Mollusque Buccin / Bourgot / Belot
1%
Oiseau Bucorve
1%
Oiseau Bulbul
1%
Poisson Capitaine
1%
Poisson Carrelet
1%
Oiseau Cassenoix
1%
Mammifère Cercocèbe
1%
Mollusque Chapeau chinois / Chapeau
1%
Mammifère Chevrotain
1%
Poisson Chinchard
1%
Mammifère Chirogale
1%
Insectes Cicadelle
1%
Oiseau Cincle
1%
Mollusque Clione / Ange de mer / Papillon de mer
1%
Mammifère Coendou
1%
Poisson Coffre / Poisson-coffre
1%
Mammifère Colocolo
1%
Poisson Coné
1%
Mollusque Cône
1%
Mollusque Conque
1%
Oiseau Conure
1%
Oiseau Courlan
1%
Insectes Courtilière / Taupette
1%
Poisson Crapet
1%
Oiseau Crave
1%
Oiseau Crécerelle
1%
Insectes Criocère / Léma
1%
Insectes Cynips
1%
Poisson Cyprin
1%
Mammifère Daguet
1%
Mammifère Damalisque
1%
Poisson Danio
1%
Crustacés Daphnie
1%
Poisson Darekh / Tarek
1%
Mollusque Datte / Dactyle / Lithodome
1%
Mammifère Dègue
1%
Poisson Dipneuste
1%
Poisson Dormeur / Ronfleur
1%
Oiseau Durbec
1%
Insectes Dynaste
1%
Oiseau Éclectus
1%
Mollusque Encornet
1%
Poisson Épinochette
1%
Oiseau Érismature
1%
Oiseau Ermite
1%
Oiseau Fauconnet
1%
Reptile Faux-gavial
1%
Insectes Flambé
1%
Oiseau Fournier
1%
Tunicata Fraise
1%
Oiseau Fuligule
1%
Oiseau Fulmar
1%
Crustacés Galathée
1%
Mammifère Galéopithèque
1%
Insectes Gamma / Lambda
1%
Poisson Garpique
1%
Mammifère Gaufre / Géomys
1%
Poisson Girelle
1%
Mammifère Globicéphale
1%
Oiseau Gorgebleue
1%
Cnidaire | Insectes Gorgone
1%
Poisson Gourami
1%
Poisson Grandgousier
1%
Oiseau Gravelot
1%
Poisson Grenadier
1%
Mammifère Guigna / Kodkod
1%
Mammifère Hapalémur
1%
Oiseau Harle
1%
Mollusque Harpe
1%
Insectes Harpon
1%
Insectes Hermite / Ermite
1%
Oiseau Hocco
1%
Mammifère Hocheur
1%
Echinoderme Holothurie
1%
Mammifère Huemul / Guemal
1%
Mammifère Hutia
1%
Oiseau Jabiru
1%
Oiseau Kagou
1%
Oiseau Kamichi
1%
Oiseau Labbe
1%
Poisson Labre
1%
Mammifère Lagotriche
1%
Mammifère Lépilémur
1%
Mollusque Limnée
1%
Poisson Lingue
1%
Oiseau Lophophore
1%
Insectes Lutin
1%
Oiseau Macreuse
1%
Oiseau Manakin
1%
Reptile Matamata
1%
Oiseau Mégapode
1%
Poisson Méné
1%
Mammifère Microcèbe
1%
Insectes Minotaure
1%
Reptile Mocassin
1%
Poisson Molly
1%
Mammifère Molosse
1%
Mollusque Monnaie / Langue
1%
Poisson Mora / Moro
1%
Mammifère Moustac
1%
Mammifère Muscardin
1%
Mollusque Mye
1%
Mammifère | Oiseau Myrmidon
1%
Agnathe Myxine
1%
Insectes Nacré
1%
Mollusque Nacre
1%
Insectes Nègre
1%
Oiseau Nette
1%
Mammifère Nilgaut
1%
Insectes Noctuelle / Batis / Grisonne
1%
Mammifère Olingo
1%
Poisson Ombre
1%
Poisson Ophiocéphale / Tête de serpent / Poisson-serpent
1%
Echinoderme Ophiure
1%
Cnidaire Orgue de mer / Orgue
1%
Oiseau Oriole
1%
Mammifère Ouakari
1%
Oiseau Ouette
1%
Mammifère Ourébi
1%
Mammifère Pachyure
1%
Poisson Pacu / Mbirai / Pez chato / Cachama / Tambaqui
1%
Mammifère Pademelon
1%
Mammifère Patas
1%
Poisson Pavillon / Argus / Scatophage
1%
Annélides Pénis
1%
Poisson Perchaude
1%
Oiseau Percnoptère
1%
Oiseau Phaéton
1%
Insectes Phalène
1%
Mollusque Pholade / Dail
1%
Arachnide Phryne / Amblypyge
1%
Amphibien Phyllobate
1%
Mammifère Pinché
1%
Oiseau Pipit
1%
Oiseau Pirolle
1%
Oiseau Pithécophage
1%
Insectes | Mammifère Planeur
1%
Poisson Platy
1%
Poisson Poisson-archer
1%
Poisson Poisson-baleine
1%
Poisson Poisson-chèvre
1%
Poisson Poisson-coq
1%
Poisson Poisson-docteur
1%
Poisson Poisson-éléphant
1%
Poisson Poisson-scorpion
1%
Mammifère Porte-musc / Cerf porte-musc
1%
Mammifère Propithèque
1%
Mammifère Pudu
1%
Oiseau Puffin
1%
Insectes Pyrale
1%
Oiseau Quiscale
1%
Oiseau Râle
1%
Mammifère Raphicère
1%
Mammifère Rat-kangourou / Kangourou-rat
1%
Poisson Requin-renard
1%
Poisson Requin-taureau
1%
Mammifère Rhinolophe
1%
Mammifère Rhinopome
1%
Mollusque Rocher
1%
Oiseau Rollier
1%
Insectes Rosalie
1%
Oiseau Roselin
1%
Poisson Rotengle
1%
Mollusque Sabot de Vénus / Sabot
1%
Insectes | Poisson Sabre
1%
Mammifère Saro
1%
Reptile Scinque
1%
Insectes Scolie
1%
Poisson Sébaste
1%
Reptile Serpent-corail
1%
Poisson Soldat / Poisson-soldat
1%
Oiseau Solitaire
1%
Oiseau Souimanga
1%
Reptile Sphenodon / Hattérie
1%
Poisson Sprat / Menuise / Blanquette / Sprot / Esprot
1%
Poisson Squale
1%
Mammifère Steenbok
1%
Oiseau Tacco
1%
Mammifère Tangue
1%
Oiseau Tantale
1%
Mammifère Taupe-dorée
1%
Insectes Taupin
1%
Mollusque Telline
1%
Mammifère Titi
1%
Poisson Torpille
1%
Mammifère Toupaye
1%
Oiseau Touraco
1%
Poisson Trident / Grenouille de mer
1%
Oiseau Trogon
1%
Insectes Turquoise / Procris
1%
Poisson Vairon
1%
Poisson Vieille
1%
Insectes Virgule / Comma
1%
Mammifère Viscache
1%
Amphibien Xénope
1%
Insectes Xylocope
1%
Insectes Zabre
1%
Mammifère Zapode
1%
Mammifère Zokor
1%
Insectes Zombie
1%
Poisson Abadèche
0%
Insectes Abax
0%
Reptile Abléphare
0%
Insectes Abromiade
0%
Reptile Abronie
0%
Insectes Acanthocine
0%
Reptile Acanthodactyle
0%
Poisson Acara
0%
Insectes Acilie
0%
Mollusque Acmée
0%
Crustacés Acocil
0%
Poisson Acoupa
0%
Mammifère Acrobate
0%
Insectes Actéon
0%
Cnidaire Actinie
0%
Insectes Adèle
0%
Insectes Æschne
0%
Reptile Agame-papillon
0%
Insectes Agapanthe / Agapanthie
0%
Insectes Aglosse
0%
Insectes Agreste / Mercure
0%
Insectes Agrile
0%
Oiseau Agrobate
0%
Poisson Aiguille / Aiguillette
0%
Mollusque Aiguillette
0%
Insectes Aiguilloner / Saperde
0%
Mammifère Akodon
0%
Oiseau Alapi
0%
Oiseau Alauahio
0%
Oiseau Alcin
0%
Cnidaire Alcyon
0%
Oiseau Alecto
0%
Oiseau Alèthe
0%
Insectes Aleurode
0%
Insectes Alexanor / Sélésier
0%
Reptile Algyroïde
0%
Poisson Alhi
0%
Poisson Allache
0%
Oiseau Allotrie
0%
Insectes Alpestre
0%
Insectes Alpin
0%
Insectes Alpine
0%
Insectes Alternée
0%
Insectes Altise
0%
Poisson Altum
0%
Oiseau Amakihi
0%
Insectes Amara
0%
Oiseau Amarante
0%
Insectes Amaryllis
0%
Oiseau Amblyospize
0%
Amphibien Amblystome
0%
Insectes Amégille
0%
Insectes Amiral
0%
Oiseau Ammomane
0%
Insectes Amnophile
0%
Poisson Amour
0%
Oiseau Amphilaïs
0%
Cephalochordée Amphoxius
0%
Oiseau Amytis
0%
Oiseau Anabasitte
0%
Oiseau Anabate
0%
Insectes Anapère / Cratérine
0%
Oiseau Anaplecte
0%
Crustacés Anatife
0%
Insectes Andalouse
0%
Insectes Andrène
0%
Oiseau Androphobe
0%
Insectes Anisote
0%
Oiseau Annumbi
0%
Mollusque Anodonte
0%
Reptile Anole
0%
Oiseau Anomalospize
0%
Mollusque Anomie
0%
Insectes Anostire
0%
Insectes Antaxie
0%
Mammifère Antechine
0%
Insectes Anthaxie
0%
Poisson Anthias
0%
Insectes Anthonome
0%
Insectes Anthophore
0%
Insectes Anthrène
0%
Insectes Anthribe
0%
Insectes Antimachus
0%
Insectes Antique / Bois-sec
0%
Oiseau Antriade
0%
Insectes Antribe
0%
Oiseau Apalis
0%
Poisson Aphanius / Cyprinodonte
0%
Annélides Aphrodite
0%
Insectes Apion
0%
Poisson Aprion
0%
Poisson Apron
0%
Oiseau Arachnothère
0%
Oiseau Araguira
0%
Insectes Archiduc
0%
Insectes Arcyptère
0%
Insectes Argentine
0%
Mollusque Argonaute
0%
Insectes Argynne
0%
Arachnide Argyrode
0%
Oiseau Arianne
0%
Insectes Arime
0%
Insectes Arlequinette
0%
Mollusque Armine
0%
Insectes Armoricain
0%
Poisson Arnoglosse
0%
Insectes Aromie
0%
Oiseau Arrenga
0%
Poisson Arrose
0%
Crustacés Artémie
0%
Insectes Ascalaphe
0%
Tunicata Ascidie
0%
Crustacés Aselle
0%
Mammifère Asellia
0%
Insectes Asile / Asilide
0%
Poisson Aspidophore / Souris de mer
0%
Mollusque Astéronotus
0%
Insectes Astérope
0%
Oiseau Astrild
0%
Poisson Athérine
0%
Insectes Athous
0%
Oiseau Atrichorne
0%
Insectes Attagène
0%
Oiseau Attagis
0%
Oiseau Attila
0%
Oiseau Aulia
0%
Poisson Aulonocara
0%
Cnidaire Aurélie
0%
Oiseau Auripare
0%
Insectes Aurore
0%
Insectes Autographe
0%
Poisson Avaleur
0%
Mollusque Avicule
0%
Insectes Avrilière
0%
Porifères Axinelle
0%
Poisson Aymara
0%
Poisson Ayu
0%
Arachnide Babouk
0%
Insectes Bacchante
0%
Poisson Badèche
0%
Poisson Bagre
0%
Poisson Bahaba
0%
Insectes Balanin
0%
Poisson Balaou
0%
Poisson Balibot
0%
Insectes Baltimore
0%
Oiseau Bambusicole
0%
Poisson Bancloche
0%
Insectes Bande
0%
Oiseau Barbacou
0%
Poisson Barbet
0%
Oiseau Barbican
0%
Poisson Barbier / Poisson-barbier
0%
Poisson Barbillon
0%
Oiseau Barbion
0%
Insectes Barbitiste
0%
Poisson Barbue
0%
Porifères Baril
0%
Oiseau Barite
0%
Poisson Barramunda
0%
Poisson Barramundi
0%
Oiseau Bartramie
0%
Oiseau Basilorne
0%
Mammifère Bassaris
0%
Oiseau Batara
0%
Oiseau Bateleur
0%
Oiseau Bathmocerque
0%
Crustacés Bathynome
0%
Poisson Baveuse
0%
Oiseau Baza
0%
Poisson Beauclaire
0%
Oiseau Beaumarquet
0%
Insectes Bébète l'argent / Bébète
0%
Oiseau Bécarde
0%
Poisson Bec de cane
0%
Oiseau Bec-d'ibis
0%
Oiseau Bec-en-arc
0%
Oiseau Bec-en-cheville
0%
Oiseau Bec-en-croc
0%
Oiseau Bec-en-faucille
0%
Oiseau Bec-ouvert
0%
Poisson Bécune
0%
Insectes Bélostome
0%
Insectes Bembex
0%
Oiseau Bengali
0%
Poisson Bentosi
0%
Mollusque Berghia
0%
Mollusque Berlingot
0%
Mollusque Berthelle
0%
Poisson Béryx
0%
Mammifère Betongie
0%
Insectes Bibion
0%
Mammifère Bilby / Bandicoot-lapin
0%
Insectes Bleu-nacré
0%
Poisson Bleu-œil
0%
Insectes Boarmie
0%
Poisson Bocachico
0%
Poisson Boga
0%
Insectes Bogong
0%
Poisson Bogue
0%
Reptile Boiga
0%
Insectes Bois-veiné
0%
Insectes Bolbélasme
0%
Poisson Boléophthalme
0%
Insectes Bombyle
0%
Annélides Bonellie
0%
Reptile Bongare
0%
Insectes Bordure
0%
Poisson Borrico
0%
Poisson Botia
0%
Tunicata Botrylle
0%
Insectes Botys
0%
Crustacés Boucaud / Boucot
0%
Poisson Bouche
0%
Poisson Bourrugues
0%
Poisson Bourse
0%
Oiseau Bouscarle
0%
Oiseau Brachycope
0%
Oiseau Brachyptère
0%
Oiseau Brachyptérolle
0%
Mammifère Brachytèle
0%
Oiseau Bradybate
0%
Insectes Brahméide / Brahmaéide
0%
Oiseau Brassemer
0%
Oiseau Brève
0%
Poisson Brienzlig
0%
Oiseau Brillant
0%
Insectes Brillante
0%
Insectes Brocatelle
0%
Insectes Bronzé
0%
Reptile Brookésie
0%
Poisson Brosme
0%
Oiseau Brubru
0%
Insectes Bruche
0%
Oiseau Bruselin
0%
Insectes Bryophile
0%
Ectoprocte Bryozoaire
0%
Mollusque Bucarde
0%
Mollusque Bucarde-cœur
0%
Insectes Bucéphale
0%
Mollusque Bulime
0%
Insectes Bupreste / Richard / Corèbe
0%
Oiseau Busautour
0%
Mollusque Bythinelle
0%
Insectes Cabère
0%
Oiseau Cabézon
0%
Poisson Cabezon
0%
Poisson Cabot
0%
Oiseau Cacholote
0%
Poisson Cacique
0%
Insectes Cadelle / Trogosite
0%
Mollusque Cadline
0%
Poisson Caesio
0%
Oiseau Caïque
0%
Reptile Calabare
0%
Oiseau Calandrite
0%
Poisson Calicagère
0%
Mammifère Calimico
0%
Insectes Callidie
0%
Insectes Calligraphe
0%
Reptile Calliophide
0%
Oiseau Calliste
0%
Arachnide Callyntrote
0%
Oiseau Calobate
0%
Insectes Caloptène
0%
Insectes Caloptéryx
0%
Insectes Calosome
0%
Amphibien Calotriton
0%
Oiseau Camaroptère
0%
Mammifère Campagnol-lemming
0%
Oiseau Campyloptère
0%
Oiseau Canaroie
0%
Insectes Cantharide
0%
Poisson Canthigaster
0%
Poisson Capelan
0%
Poisson Cap-lopez / Poisson-lyre
0%
Insectes Capside
0%
Poisson Capucette
0%
Insectes Capuchon
0%
Insectes Carabique
0%
Poisson Cardinalis
0%
Poisson Cardine
0%
Mollusque Cardite
0%
Oiseau Cariama
0%
Poisson Carlottin
0%
Oiseau Carnifex
0%
Oiseau Carouge
0%
Poisson Carpinte
0%
Oiseau Carpophage
0%
Insectes Carte géographique / Carte
0%
Poisson Cascadure
0%
Oiseau Casiorne
0%
Mollusque Casque
0%
Oiseau Cassican
0%
Insectes Casside
0%
Oiseau Cassique
0%
Poisson Castagnole
0%
Poisson Castagnoline
0%
Poisson Castex
0%
Insectes Castillane
0%
Insectes Castnide
0%
Oiseau Cataménie
0%
Poisson Catoprion
0%
Poisson Catostomide
0%
Oiseau Caurale
0%
Poisson Cavalo
0%
Insectes Cécidomyie
0%
Amphibien Cécilie
0%
Autre Ceinture de Vénus / Ceinture
0%
Insectes Céladon
0%
Insectes Célithème
0%
Poisson Centrine
0%
Poisson Centrolabre
0%
Amphibien Centrolène
0%
Poisson Centrolophe
0%
Insectes Céphale / Arcanie
0%
Insectes Céphalion
0%
Cnidaire Céphée
0%
Insectes Cercope
0%
Oiseau Céréopse
0%
Cnidaire Cérianthe
0%
Poisson Cernier
0%
Insectes Céroplaste
0%
Poisson Céteau / Séteau / Langue d'avocat
0%
Poisson Chaboisseau
0%
Echinoderme Chadron
0%
Insectes Chalicodome
0%
Insectes Chamoisé
0%
Poisson Chano / Poisson-lait
0%
Poisson Characin / Characidé
0%
Poisson Charbonnier
0%
Poisson Chardin
0%
Oiseau Charitospize
0%
Ectoprocte Chartelle
0%
Reptile Chasseur
0%
Arachnide Chélifère
0%
Poisson Chelmon
0%
Arachnide Chernète
0%
Poisson Chétodon
0%
Oiseau Chétopse
0%
Insectes Chevrette
0%
Insectes Chevron
0%
Insectes Chiffre
0%
Oiseau Chilia
0%
Insectes Chinois
0%
Amphibien Chioglosse
0%
Oiseau Chionis
0%
Oiseau Chipiu
0%
Crustacés Chirocéphale
0%
Insectes Chironome
0%
Insectes Chlorée
0%
Insectes Chlorocordulie
0%
Oiseau Chloropète
0%
Insectes Chlorophore
0%
Oiseau Chocard
0%
Oiseau Choucador
0%
Poisson Chromide
0%
Poisson Chromis
0%
Insectes Chrysomèle
0%
Insectes Chrysope
0%
Reptile Chuckwalla
0%
Poisson Cicerelle
0%
Oiseau Cichladuse
0%
Poisson Cichlasoma / Nigro
0%
Poisson Cichlidé
0%
Oiseau Cici
0%
Insectes Cicindèle
0%
Insectes Cidarie
0%
Insectes Cidnope
0%
Oiseau Cinclode
0%
Tunicata Cione
0%
Oiseau Cipaye
0%
Crustacés Cirrique / Sirique
0%
Poisson Cisco
0%
Insectes Cistèle
0%
Oiseau Cisticole
0%
Poisson Citrinellum
0%
Cnidaire Cladocore
0%
Insectes Clair-obscur
0%
Insectes Clairon / Trichode
0%
Insectes Claqueur / Klaké
0%
Porifères Clathrine
0%
Mollusque Clausilie
0%
Tunicata Claveline
0%
Insectes Clédéobie
0%
Reptile Clélia
0%
Reptile Clemmyde
0%
Insectes Climène
0%
Porifères Clione
0%
Poisson Clupéonelle / Sardelle
0%
Insectes Clyte
0%
Insectes Clytre
0%
Oiseau Cnémophile
0%
Insectes C-noir
0%
Poisson Cobia / Mafou
0%
Insectes Coccidule
0%
Oiseau Cochevis
0%
Oiseau Cochoa
0%
Insectes Cochylis
0%
Poisson Colas
0%
Insectes Coléophore
0%
Mammifère Coleoure
0%
Insectes Coliade
0%
Oiseau Coliou
0%
Insectes Collète
0%
Insectes Collier
0%
Insectes Collier-de-corail
0%
Oiseau Colombar
0%
Oiseau Colombine
0%
Echinoderme Comatule
0%
Oiseau Combassou
0%
Poisson Coméphore
0%
Poisson Comète
0%
Poisson Compère
0%
Mammifère Condylure
0%
Insectes Confuse / Goutte
0%
Insectes Conigère
0%
Oiseau Conirostre
0%
Insectes Conocéphale
0%
Oiseau Conopophage
0%
Insectes Conops
0%
Insectes Copris
0%
Insectes Coptoterme
0%
Oiseau Coquette
0%
Oiseau Coracine
0%
Poisson Coradion
0%
Oiseau Corbicrave
0%
Mollusque Corbicule
0%
Oiseau Corbin
0%
Annélides Cordelle
0%
Insectes Cordon
0%
Oiseau Cordon-bleu
0%
Poisson Cordonnier
0%
Oiseau Cordon-noir
0%
Insectes Cordulégastre
0%
Insectes Cordulie
0%
Reptile Cordyle
0%
Insectes Corée
0%
Poisson Corégone
0%
Mollusque Coriocelle
0%
Poisson Coris
0%
Reptile Coronelle
0%
Insectes Coronide
0%
Crustacés Corophie
0%
Mammifère Coruco
0%
Oiseau Corvinelle
0%
Insectes Corydale
0%
Poisson Corydoras
0%
Oiseau Coryllis
0%
Oiseau Coryphaspize
0%
Oiseau Corythopis
0%
Oiseau Coscoroba
0%
Insectes Cossus / Ronge-bois
0%
Oiseau Cossype
0%
Oiseau Cotinga
0%
Oiseau Coua
0%
Oiseau Coucal
0%
Poisson Couette
0%
Oiseau Coulicou
0%
Porifères Coupe de Neptune / Coupe
0%
Poisson Courbine
0%
Reptile Couresse
0%
Oiseau Courol
0%
Oiseau Courvite
0%
Oiseau Couturière
0%
Crustacés Crabe-araignée
0%
Oiseau Crabier
0%
Echinoderme Crachat
0%
Insectes Crache-sang / Timarque
0%
Insectes Crambus
0%
Insectes Cramoisi
0%
Insectes Craqueur
0%
Poisson Crayon
0%
Oiseau Créadion
0%
Insectes Crénelée
0%
Poisson Crénilabre
0%
Mollusque Crépidule
0%
Insectes Crête-de-coq
0%
Poisson Crevalle
0%
Crustacés Crevettine
0%
Reptile Cribo
0%
Mammifère Cricétome
0%
Echinoderme Crinoïde
0%
Annélides Criodrile
0%
Ectoprocte Cristatelle
0%
Insectes Crocalle
0%
Insectes Crochet
0%
Mammifère Crocidure
0%
Insectes Croiseur
0%
Insectes Croissant
0%
Poisson Crossie
0%
Mammifère Crossope
0%
Insectes Cryptocéphale
0%
Arachnide Cténize
0%
Poisson Cténolabre
0%
Mammifère Cténomys
0%
Oiseau Cubla
0%
Insectes Cucujus
0%
Insectes Cucullie
0%
Insectes Cuivré
0%
Cnidaire Cyanée
0%
Insectes Cybister
0%
Insectes Cychre
0%
Mollusque Cyclade
0%
Mollusque Cyclope
0%
Reptile Cyclure
0%
Mammifère Cynomope
0%
Amphibien Cynops
0%
Mammifère Cynoptère
0%
Poisson Cypho
0%
Mollusque Cyprine
0%
Oiseau Dacnis
0%
Cnidaire Dahlia
0%
Insectes | Oiseau Damier
0%
Mollusque Danseuse
0%
Poisson Dard de sable
0%
Poisson Dascyllus
0%
Insectes Dasycère
0%
Oiseau Dasyorne
0%
Poisson Daubenet
0%
Insectes Decticelle
0%
Insectes Dectique
0%
Insectes Déesse
0%
Insectes Deiléphile
0%
Insectes Demi-deuil
0%
Insectes Demi-lune
0%
Amphibien Dendobate
0%
Oiseau Dendrocygne
0%
Cnidaire Dent
0%
Poisson Denté
0%
Ectoprocte Dentelle
0%
Insectes Dermeste
0%
Insectes Diachrome
0%
Insectes Diadème / Nymphale
0%
Poisson Diagramme
0%
Insectes Diane
0%
Insectes Diapore
0%
Oiseau Dicée
0%
Oiseau Dickcissel
0%
Tunicata Didemne
0%
Oiseau Diduncule
0%
Mammifère Dingiso
0%
Arachnide Diodie
0%
Autre arthropode Diploure
0%
Insectes Diprion
0%
Poisson Dirette
0%
Amphibien Discoglosse
0%
Poisson Disque
0%
Oiseau Diuca
0%
Insectes Diurne
0%
Plathelmynthes Diversibipalium
0%
Tunicata Doliole
0%
Mollusque Dolium / Tonne
0%
Echinoderme Dollar
0%
Arachnide Dolomède
0%
Mollusque Donace
0%
Insectes Donacie
0%
Oiseau Donacobe
0%
Oiseau Donacospize
0%
Poisson Donzelle
0%
Oiseau Doradite
0%
Mammifère Dorcopsis
0%
Poisson Dorée
0%
Mollusque Doris
0%
Oiseau Dormilon
0%
Oiseau Dos-vert
0%
Insectes Double
0%
Insectes Doucette
0%
Poisson Doule
0%
Poisson Dourado / Damita / Pirayù
0%
Reptile Dracène
0%
Poisson Dragon de mer
0%
Poisson Dragonnet
0%
Poisson Drapeau
0%
Insectes Drile
0%
Oiseau Droméocerque
0%
Crustacés Dromie
0%
Insectes Dromius
0%
Oiseau Dryade
0%
Oiseau Drymode
0%
Mammifère Dunnart / Souris marsupiale
0%
Arachnide Dysdère
0%
Insectes Échancré
0%
Oiseau Échelet
0%
Oiseau Échenilleur
0%
Reptile Échide
0%
Plathelmynthes Echinocoque
0%
Amphibien Echinotriton
0%
Insectes Échiquier
0%
Ectoprocte Ecorce
0%
Mammifère Écureuil-antilope
0%
Oiseau Égothèle
0%
Oiseau Élanion
0%
Mollusque Élédone
0%
Oiseau Élénie
0%
Oiseau Elminie
0%
Mollusque Elysie
0%
Oiseau Embernagre
0%
Insectes | Oiseau Émeraude
0%
Insectes Emeraude
0%
Oiseau Éminie
0%
Poisson Émissole
0%
Reptile émoia
0%
Insectes Empuse
0%
Reptile Émyde
0%
Oiseau Énicure
0%
Insectes Ennomos
0%
Oiseau Énode
0%
Insectes Ensanglantée
0%
Poisson Entélure
0%
Hémichordées Entéropneuste
0%
Mollusque Éolidien
0%
Oiseau Éperonnier
0%
Insectes Éphippigère 
0%
Poisson Epibule
0%
Insectes Epine
0%
Insectes Épirrite
0%
Mammifère Épomophore
0%
Porifères Éponge-rognon / Éponge-cuir
0%
Porifères Éponge-vase / Éponge-tuyau
0%
Oiseau Epthianure
0%
Cnidaire Équorée
0%
Oiseau Érémomèle
0%
Oiseau Érione
0%
Insectes Éristale
0%
Oiseau Éroesse
0%
Oiseau Erpornis
0%
Insectes Érythème
0%
Insectes Escarbot
0%
Mollusque Escargot-pomme
0%
Oiseau Esclave palmiste / Esclave
0%
Poisson Escolier
0%
Echinoderme Espardenya
0%
Echinoderme Etoile-citrouille
0%
Echinoderme Etoile-coussin
0%
Echinoderme Etoile-peigne
0%
Echinoderme Etoile-velcro
0%
Insectes Eudorée
0%
Poisson Eulakane / Poisson-chandelle
0%
Reptile Eulepte
0%
Oiseau Eulophe
0%
Insectes Eumène
0%
Insectes Eumolpe / Gribouri / Ecrivain / Bêche
0%
Mammifère Eumope
0%
Oiseau Eupète
0%
Insectes Eupithécie
0%
Oiseau Euplecte
0%
Mammifère Euplère
0%
Amphibien Euprocte
0%
Oiseau Eurocéphale
0%
Oiseau Eurylaime
0%
Insectes Euxanthie
0%
Oiseau Évêque
0%
Insectes Exocentre
0%
Insectes Fadet / Daphnis / Mélibée / Procris / Œdipe
0%
Oiseau Farifotra
0%
Insectes Farineuse / Poudreuse
0%
Insectes Faucille
0%
Insectes Faune
0%
Insectes Fausse-teigne
0%
Oiseau Fauvine
0%
Reptile Faux-corail
0%
Insectes Faux-cuivré
0%
Insectes Faux-mars
0%
Reptile Fer-de-lance
0%
Insectes Féronie
0%
Insectes Feuille-morte
0%
Echinoderme Fève
0%
Insectes Fidonie
0%
Nématode Filaire
0%
Oiseau Firasabé
0%
Mollusque Flabelline
0%
Insectes Flambeau
0%
Insectes Flavicorne
0%
Mollusque Flion / Haricot / blanchette
0%
Tunicata Flocon
0%
Ectoprocte Flustre
0%
Oiseau Foditany
0%
Oiseau Foudi
0%
Poisson Fouille-roche
0%
Oiseau Founingos
0%
Oiseau Francolin
0%
Insectes Frangée
0%
Poisson Frappeur
0%
Insectes Fritillaire
0%
Poisson Frontosa / Changongo
0%
Insectes Fulgore
0%
Mammifère Funisciure
0%
Poisson Fusilier
0%
Insectes Galérucelle
0%
Insectes Galéruque
0%
Mammifère Galidie
0%
Oiseau Gallicolombe
0%
Oiseau Galloperdrix
0%
Crustacés Gambon
0%
Poisson Gambusie
0%
Crustacés Gammare
0%
Oiseau Ganga
0%
Oiseau Garrot
0%
Poisson Gaspareau
0%
Insectes Gastéruption
0%
Poisson Gaterin
0%
Oiseau Gaucho
0%
Crustacés Gélasime
0%
Oiseau Gélinote
0%
Crustacés Gelyelle
0%
Reptile Géoémyde
0%
Mammifère Géogale
0%
Oiseau Géopélie
0%
Oiseau Géositte
0%
Oiseau Géospize
0%
Poisson Germon
0%
Oiseau Gérygone
0%
Mollusque Gibbule
0%
Oiseau Gladiateur
0%
Oiseau Glaréole
0%
Oiseau Glaucope
0%
Mollusque Glauque / Glaucus / Dragon bleu / Hirondelle de mer
0%
Mammifère Glossophage
0%
Oiseau Gobemoucheron
0%
Mollusque Godiva
0%
Oiseau Goglu
0%
Insectes Goliath
0%
Insectes Gomphe
0%
Insectes Gomphocère
0%
Poisson Gonelle / Sigouine
0%
Crustacés Gonfaron
0%
Oiseau Gonolek
0%
Reptile Gophère
0%
Poisson Gorette
0%
Insectes Gothique
0%
Oiseau Goulin
0%
Mammifère Goundi
0%
Reptile Grage
0%
Mollusque Grain de café / Grain
0%
Oiseau Grallaire
0%
Oiseau Graminicole
0%
Poisson Gramma
0%
Oiseau Granatelle
0%
Oiseau Grand-verdier
0%
Crustacés Grapse
0%
Annélides Gravette
0%
Oiseau Grébifoulque
0%
Poisson Greffier
0%
Poisson Grégoire
0%
Poisson Grémille
0%
Amphibien Grenouille-à-queue
0%
Amphibien Grenouille-tigre
0%
Oiseau Grimpar
0%
Insectes Grisette
0%
Oiseau Grisin
0%
Mammifère Grivet
0%
Poisson Grogneur
0%
Autre Groseille
0%
Poisson Grunion
0%
Mammifère Grysbok
0%
Oiseau Guacharo
0%
Oiseau Guaiabero
0%
Mammifère Guéréza
0%
Oiseau Guifette
0%
Poisson Guinée
0%
Oiseau Guira
0%
Oiseau Guiraca
0%
Oiseau Guit-guit
0%
Poisson Guyanancistrus
0%
Oiseau Gygis
0%
Oiseau Gymnogène
0%
Insectes Gymnosome
0%
Mammifère Gymnure
0%
Insectes Gyrin
0%
Oiseau Habia
0%
Reptile Habu
0%
Insectes Hachette
0%
Poisson Hachette / Poisson-hachette
0%
Insectes Halias
0%
Insectes Halicte
0%
Insectes Hameçon
0%
Poisson Hamlet
0%
Poisson Haplo
0%
Poisson Haplochromis
0%
Poisson Haplo-léopard / Haplo-paon
0%
Oiseau Haplospize
0%
Oiseau Harelde
0%
Oiseau Harpage
0%
Insectes Harpye
0%
Insectes Hausse-queue
0%
Oiseau Haut-de-chausses
0%
Mollusque Helcion
0%
Insectes Hélène
0%
Oiseau Héliange
0%
Mollusque Hélice
0%
Insectes Héliophile
0%
Reptile Héloderme
0%
Insectes Hélophile
0%
Reptile Hémidactyle
0%
Oiseau Hémignathe
0%
Oiseau Hémiprocnée
0%
Poisson Hémitriptère
0%
Insectes Hépiale
0%
Insectes Herculéane
0%
Mollusque Hervia
0%
Insectes Hespérie
0%
Insectes Hespérophane
0%
Poisson Hétérocongre / Anguille-jardinière
0%
Insectes Hibernie
0%
Oiseau Hihi
0%
Insectes Hippobosque
0%
Crustacés Hippolyte
0%
Insectes Hispine
0%
Oiseau Histurgopse
0%
Poisson Hoki
0%
Oiseau Hokki
0%
Poisson Holbiche
0%
Echinoderme Holothurie-serpent
0%
Reptile Holotropide
0%
Reptile Homalopside
0%
Reptile Homopode
0%
Insectes Hoplie
0%
Insectes Hoplocampe
0%
Poisson Hoplostèthe / Poisson-montre
0%
Oiseau Horizorin
0%
Poisson Hotu / Nase
0%
Poisson Huchon
0%
Oiseau Huia
0%
Mollusque Hydrobie
0%
Insectes Hydromètre
0%
Reptile Hydrophide
0%
Insectes Hydrophile
0%
Mammifère Hydropote
0%
Insectes Hylée
0%
Oiseau Hyliote
0%
Amphibien Hylode
0%
Oiseau Hyménolaime
0%
Oiseau Hypocolius
0%
Oiseau Hypolaïs
0%
Insectes Hyponomeute
0%
Oiseau Ibijau
0%
Oiseau Idiopsar
0%
Poisson Idole
0%
Oiseau Iiwi
0%
Insectes Illégitime / Bréphode / Intruse
0%
Insectes Impolie / Acidalie
0%
Oiseau Inca
0%
Poisson Inconnu / Nelma / Belorybitsa
0%
Oiseau Indicateur
0%
Oiseau Iodopleure
0%
Oiseau Iora
0%
Oiseau Iranie
0%
Oiseau Irène
0%
Oiseau Irrisor
0%
Insectes Isabelle
0%
Oiseau Ithagine
0%
Oiseau Jacamar
0%
Reptile Jacara
0%
Oiseau Jacarini
0%
Mollusque Jambonneau / Pinne
0%
Poisson Jaraqui
0%
Reptile Jararaca
0%
Oiseau Jardinier
0%
Oiseau Jery
0%
Insectes Jezebel
0%
Poisson Joël
0%
Poisson Jumbie
0%
Poisson Jutjaw
0%
Insectes Kahukura
0%
Poisson Kakatoi
0%
Poisson Kaluga / Calouga
0%
Oiseau Katje
0%
Insectes Kermès
0%
Oiseau Kétoupa
0%
Mammifère Kigolo
0%
Poisson Killi
0%
Echinoderme Kina
0%
Oiseau Kioéa
0%
Mammifère kipunji
0%
Oiseau Kiritika
0%
Mammifère Kitti
0%
Poisson Kokani
0%
Amphibien Kokoï
0%
Oiseau Konichon
0%
Mammifère Kowari
0%
Poisson Krobia
0%
Poisson Kropfer
0%
Poisson Kuhli
0%
Poisson Labéo
0%
Poisson Labido
0%
Insectes Lacon
0%
Insectes Lagrie
0%
Poisson Laimargue
0%
Insectes Lamie
0%
Poisson Lamprologue
0%
Poisson Lancier
0%
Poisson Lançon
0%
Oiseau Langrayen
0%
Oiseau Lanielle
0%
Oiseau Lanisome
0%
Poisson Laquaiche / La queche
0%
Insectes Larentie
0%
Oiseau Largebec
0%
Mammifère Lasiure
0%
Mollusque Lavignon
0%
Echinoderme Lèche-doigt
0%
Insectes Léda
0%
Poisson Légine
0%
Insectes Légionnaire
0%
Reptile Léiocéphale
0%
Oiseau Léiopa
0%
Oiseau Léiothrix
0%
Poisson Lépadogastère
0%
Poisson Lépisosté
0%
Insectes Leptis
0%
Insectes Leptophye
0%
Insectes Lepture
0%
Mammifère Lérotin
0%
Oiseau Lerva
0%
Oiseau Lessonie
0%
Insectes Leste / Brunette
0%
Insectes Leucorrhine
0%
Reptile Lézard-alligator
0%
Mammifère Lièvre-sauteur
0%
Mammifère Lièvre-wallaby / Wallaby-lièvre
0%
Crustacés Ligie
0%
Mollusque Limace-banane
0%
Poisson Limande-sole
0%
Poisson Limbert
0%
Mammifère Limnogale
0%
Poisson Limon
0%
Insectes Lindénie
0%
Oiseau Linurge
0%
Oiseau Lioptile
0%
Insectes Lipoptène
0%
Poisson Lippu
0%
Crustacés Lithode
0%
Mollusque Littorine
0%
Insectes Livrée / Lasiocampe
0%
Insectes Lixe
0%
Oiseau Locustelle
0%
Oiseau Long-bec
0%
Insectes Longicorne / Phymatode
0%
Mammifère Lophocèbe
0%
Oiseau Lophosphingue
0%
Poisson Loquette
0%
Poisson Louvareau
0%
Insectes Louvet
0%
Oiseau Loxopse
0%
Insectes Lucilie
0%
Insectes Lueur
0%
Mollusque Luisant / Zonite
0%
Insectes Lunigère
0%
Insectes Lupérus
0%
Reptile Luscengola
0%
Oiseau Lusciniole
0%
Insectes Lycie
0%
Insectes Lycte
0%
Reptile Mabouya
0%
Oiseau Macagua
0%
Poisson Mâchoiron
0%
Mammifère Macroglosse
0%
Crustacés | Poisson Macropode
0%
Mammifère Macroscélide
0%
Mollusque Mactre
0%
Cnidaire Madrépore
0%
Insectes Magicienne
0%
Insectes Magnan
0%
Oiseau Mahali
0%
Poisson Mahseer
0%
Poisson Maidague
0%
Reptile Maître
0%
Poisson Makaire
0%
Poisson Malacanthe / Matajuel / Sans-culotte
0%
Insectes Malachie
0%
Poisson malachigan
0%
Mammifère Malbrouck
0%
Oiseau Malcoha
0%
Oiseau Malimbe
0%
Reptile Mamushi
0%
Arachnide Mangore
0%
Insectes Mantispe
0%
Oiseau Manuméa
0%
Poisson Maraîche
0%
Insectes | Poisson Marbré
0%
Poisson Marène
0%
Poisson Marigane
0%
Poisson Marignon
0%
Mollusque Marionia
0%
Oiseau Marmaronette
0%
Oiseau Marouette
0%
Poisson Masca
0%
Poisson Maskinongé
0%
Reptile Massasauga
0%
Oiseau Maubèche
0%
Insectes Maure
0%
Mammifère Mazame
0%
Poisson M'buna
0%
Insectes Méconème
0%
Poisson Médaka
0%
Poisson Meeki
0%
Oiseau Mégalure
0%
Oiseau Mégasittine
0%
Insectes Mégasome
0%
Oiseau Mélanodère
0%
Insectes Mélecte
0%
Insectes Méligèthe
0%
Oiseau Méliphage
0%
Insectes Mélipone / Po ban
0%
Insectes Mélitée
0%
Insectes Méloé
0%
Insectes Mélophage
0%
Ectoprocte Membranipore
0%
Poisson Menhaden
0%
Poisson Ménomini
0%
Amphibien Ménopome
0%
Oiseau Ménure
0%
Mollusque Mercurie
0%
Oiseau Merganette
0%
Oiseau Mergule
0%
Oiseau Mérion
0%
Mammifère Mérione
0%
Oiseau Merlebleu
0%
Poisson Merluche
0%
Oiseau Mérulaxe
0%
Oiseau Mésangeai
0%
Insectes Mésembrine
0%
Oiseau Mésite
0%
Insectes Mésose
0%
Oiseau Métallure
0%
Insectes Méticuleuse / Craintive
0%
Insectes Métrocampe / Bilieuse
0%
Poisson Metynnis / Dollar / Silver dollar
0%
Poisson Meunier
0%
Mollusque Mexichromis
0%
Oiseau Microbate
0%
Amphibien Microcécilie
0%
Mammifère Microgale
0%
Oiseau Microgoura
0%
Arachnide Micrommate
0%
Insectes Micronecte
0%
Mammifère Micropotamogale
0%
Oiseau Micropsitte
0%
Oiseau Microtyran
0%
Oiseau Mignard
0%
Poisson Milandre
0%
Insectes Milésie
0%
Cnidaire Mimosa
0%
Insectes Mineuse
0%
Mammifère Minioptère
0%
Oiseau Minivet
0%
Mammifère Miopithèque
0%
Oiseau Miro
0%
Insectes Miroir
0%
Mollusque Mitre
0%
Mollusque Modiole
0%
Oiseau Moinelette
0%
Insectes Moiré
0%
Oiseau Moisson
0%
Insectes Moissonneur
0%
Mollusque Moitessierie
0%
Poisson Monacanthe
0%
Insectes Monochame
0%
Oiseau Monticole
0%
Oiseau Moqueur
0%
Poisson Mordocet
0%
Insectes Morio
0%
Insectes Mormon
0%
Insectes Moro-sphinx
0%
Poisson Mostelle
0%
Poisson Motelle
0%
Oiseau Motmot
0%
Oiseau Moucherolle
0%
Poisson Mourine
0%
Annélides Mouron / Pistiche
0%
Insectes Moutmout / Simulie
0%
Mollusque Mulette
0%
Mollusque Murex
0%
Insectes | Poisson Museau
0%
Poisson Musso
0%
Insectes Mylabre
0%
Insectes Myope
0%
Insectes Myrtil
0%
Porifères Myxille
0%
Oiseau Myzomèle
0%
Reptile Ñacaniná
0%
Poisson Nageoires sanglantes
0%
Insectes Naïade
0%
Oiseau Namiorne
0%
Insectes Nannothème
0%
Poisson Naseux
0%
Poisson Nason
0%
Mollusque Nasse
0%
Mollusque Natice
0%
Oiseau Naucler
0%
Insectes Naucore
0%
Insectes Nébrie
0%
Insectes Nécrophore
0%
Mammifère Nectogal
0%
Amphibien Necture
0%
Insectes Némusien / Ariane
0%
Oiseau Néocossyphe
0%
Reptile Néoseps
0%
Oiseau Néositte
0%
Mammifère Néotoma
0%
Arachnide Néphile
0%
Insectes Nepticule
0%
Annélides Néréide
0%
Mollusque Nérite
0%
Poisson Nérophis
0%
Oiseau Nésille
0%
Oiseau Nésospize
0%
Poisson Nettoyeur / Labre nettoyeur / Poisson nettoyeur
0%
Poisson Nez-rouge
0%
Oiseau Nicator
0%
Oiseau Nicobar
0%
Oiseau Nigrette
0%
Mammifère Ningaui
0%
Poisson Ningu
0%
Oiseau Ninoxe
0%
Oiseau Niverolle
0%
Mammifère Noctilion
0%
Oiseau Noddi
0%
Oiseau Noircap
0%
Mollusque Noisette
0%
Insectes Nordique
0%
Poisson Nothobranche
0%
Oiseau Notodèle
0%
Insectes Notonecte
0%
Oiseau Nyctale
0%
Mammifère Nyctère
0%
Mammifère Nycticèbe
0%
Insectes Nymphale / Pacha / Jason / Jasius
0%
Insectes Nymphe
0%
Oiseau Nymphée
0%
Arachnide Nymphon
0%
Poisson Oblade / Blade
0%
Oiseau Océanite
0%
Insectes Ocellé
0%
Insectes Odalisque
0%
Insectes Odontosie
0%
Insectes Œcophore
0%
Insectes œdémère
0%
Oiseau Oedicnème
0%
Insectes Œdipode
0%
Cnidaire Œillet
0%
Insectes Olympe
0%
Insectes Ombrageuse
0%
Oiseau Ombrette
0%
Poisson Ombrine
0%
Poisson Omoul
0%
Mammifère Oncille
0%
Oiseau Onoré
0%
Poisson Opah / Lampris
0%
Insectes Opatre
0%
Echinoderme Ophiure-bracelet
0%
Insectes Ophone
0%
Oiseau Ophrysie
0%
Mammifère Opossum-musaraigne
0%
Oiseau Oréochare
0%
Oiseau Oréophase
0%
Oiseau Oréotangara
0%
Oiseau Organiste
0%
Oiseau Origma
0%
Insectes Ornéode
0%
Insectes Ornithoptère
0%
Poisson Orphie
0%
Oiseau Ortalide
0%
Insectes Orthétrum / Orthètre
0%
Oiseau Orthonyx
0%
Insectes Orthosie
0%
Mollusque Oscabrion
0%
Poisson Oscar
0%
Insectes Oscinie
0%
Insectes Osmie
0%
Oiseau Otidiphaps
0%
Poisson Otolithe
0%
Echinoderme Oursin-cœur / Souris de mer
0%
Echinoderme Oursin-crayon
0%
Echinoderme Oursin-cuir
0%
Echinoderme Oursin-diadème
0%
Echinoderme Oursin-framboise
0%
Echinoderme Oursin-lance
0%
Echinoderme Oursin-mine
0%
Echinoderme Oursin-smoking
0%
Tunicata Outre / Vioulet
0%
Mollusque Ovule
0%
Oiseau Oxylabe
0%
Insectes Oxypore
0%
Oiseau Oxyrhynque
0%
Mammifère Pacarana
0%
Oiseau Pachycare
0%
Poisson Pageot
0%
Poisson Pagre
0%
Poisson Pailona
0%
Oiseau Palette
0%
Oiseau Palicour
0%
Oiseau Palmiste
0%
Poisson Palomète / Palomine
0%
Mollusque Paludine
0%
Insectes Panorpe
0%
Oiseau Panure
0%
Insectes Paon-du-jour
0%
Oiseau Papegeai
0%
Oiseau Paramythie
0%
Oiseau Pardalote
0%
Oiseau Parisome
0%
Oiseau Parmoptile
0%
Oiseau Paroare
0%
Oiseau Parophasme
0%
Oiseau Paruline
0%
Oiseau Passerin
0%
Insectes Patte-en-masse
0%
Poisson Patudo
0%
Poisson Payara
0%
Poisson Pêche-cavale
0%
Oiseau Pédionome
0%
Cnidaire Pélagie / Piqueur
0%
Reptile Pélamide
0%
Poisson Pélèque
0%
Poisson Pelmato
0%
Amphibien Pélobate
0%
Reptile Péloméduse
0%
Insectes Pélopée
0%
Reptile Peltocéphale
0%
Oiseau Peltopse
0%
Oiseau Pénélope
0%
Cnidaire Pennatule
0%
Insectes Pennipatte
0%
Insectes Pensée
0%
Oiseau Pépoaza
0%
Mammifère Péramèle
0%
Oiseau Percefleur
0%
Oiseau Perdicule
0%
Oiseau Pèrenoir
0%
Poisson Périophthalme
0%
Insectes Perithème
0%
Mammifère Péroptère
0%
Poisson Perpeire
0%
Poisson Péténia
0%
Mammifère Pétrodrome
0%
Mammifère Pétrogale
0%
Oiseau Phalarope
0%
Insectes Phanéroptère
0%
Oiseau Phapitréron
0%
Mammifère Phascogale
0%
Oiseau Phasianelle
0%
Poisson Phénaco
0%
Oiseau Phénopèple
0%
Oiseau Phénoptile
0%
Oiseau Philabure
0%
Insectes Philanthe
0%
Oiseau Philépitte
0%
Insectes Phlébotome
0%
Oiseau Phodile
0%
Arachnide Pholque
0%
Oiseau Phragmite
0%
Oiseau Phrygile
0%
Insectes Phylan
0%
Mollusque Phyllidie
0%
Insectes Phyllobe
0%
Reptile Phyllodactyle
0%
Oiseau Phyllolaïs
0%
Amphibien Phylloméduse
0%
Mammifère Phyllorhine
0%
Mammifère Phyllostome
0%
Mollusque Physe
0%
Insectes Physocephale
0%
Arachnide Phytopte
0%
Oiseau Piapiac
0%
Oiseau Piauhau
0%
Oiseau Piaye
0%
Oiseau Picatharte
0%
Oiseau Picchion
0%
Oiseau Picerthie
0%
Poisson Picot
0%
Oiseau Picotelle
0%
Oiseau Picumne
0%
Mollusque Pied de pélican / Pied
0%
Amphibien Pied-en-bêche
0%
Oiseau Pie-grièche
0%
Insectes Piéride
0%
Oiseau Piézorin
0%
Poisson Pilchard
0%
Insectes Pimélie
0%
Oiseau Pionne
0%
Oiseau Piopio
0%
Oiseau Piprite
0%
Oiseau Pipromorphe
0%
Oiseau Piquebaie
0%
Oiseau Piqueboeuf
0%
Oiseau Pique-orange
0%
Insectes Pique-prune
0%
Oiseau Piranga
0%
Poisson Piranneau / Sanglier de mer
0%
Poisson Pirapitinga
0%
Poisson Piraputanga
0%
Arachnide Pisaure
0%
Mollusque Pitar
0%
Oiseau Pitohui
0%
Oiseau Pittasome
0%
Echinoderme Plagiobrissus
0%
Insectes Plain-chant
0%
Plathelmynthes Planaire
0%
Mollusque Planorbine
0%
Poisson Platax / Poisson-chauve-souris
0%
Reptile Platémyde
0%
Reptile Plature
0%
Poisson Platydoras
0%
Oiseau Platyrhynque
0%
Insectes Platystome
0%
Poisson Pléco
0%
Oiseau Plectrophane
0%
Oiseau Pleureur
0%
Amphibien Pleurodèle
0%
Poisson Pleuronecte
0%
Insectes Plumet / Porte-plume
0%
Insectes Plusie
0%
Oiseau Pluvian
0%
Oiseau Pluvianelle / Pluvianneau
0%
Poisson Pocheteau
0%
Oiseau Podarge
0%
Oiseau Podoce
0%
Reptile Podocnémide
0%
Insectes Poecile
0%
Insectes Point-de-hongrie
0%
Insectes Point-d'exclamation
0%
Insectes Pointillée
0%
Poisson Poisson à barbe
0%
Poisson Poisson-bagnard
0%
Poisson Poisson-chauve-souris
0%
Poisson Poisson-cocher
0%
Poisson Poisson-comète
0%
Poisson Poisson-couteau
0%
Poisson Poisson-crampon
0%
Poisson Poisson-crocodile
0%
Poisson Poisson des glaces
0%
Poisson Poisson-diable / Perche-diable / Poisson-démon
0%
Poisson Poisson-engourdeur
0%
Poisson Poisson-fantôme
0%
Poisson Poisson-faucon
0%
Poisson Poisson-feuille
0%
Poisson Poisson-flûte / Fistulaire
0%
Poisson Poisson garde-boue
0%
Poisson Poisson-grenouille / Antennaire
0%
Poisson Poisson-lapin
0%
Poisson Poisson-lézard
0%
Poisson Poisson-lime
0%
Poisson Poisson-mandarin
0%
Poisson Poisson-ogre
0%
Poisson Poisson-paille
0%
Poisson Poisson-paradis
0%
Poisson Poisson-pavillon
0%
Poisson Poisson-pilote
0%
Poisson Poisson-pincette
0%
Poisson Poisson pomme de pin / Poisson ananas
0%
Poisson Poisson-pyjama
0%
Poisson Poisson-rasoir
0%
Poisson Poisson revenant
0%
Poisson Poisson roseau / Poisson corde
0%
Poisson Poisson-serpent / Anguille-serpent
0%
Poisson Poisson trépied / Poisson tripode
0%
Poisson Poisson-trompette
0%
Poisson Poisson-vipère / Chauliode
0%
Oiseau Poliolaïs
0%
Insectes Poliste
0%
Oiseau Polochion
0%
Insectes Polygone
0%
Insectes Polyphème
0%
Oiseau Pomatorhin
0%
Oiseau Pomatostome
0%
Poisson Pompaneau
0%
Insectes Porcelaine
0%
Mollusque Porcelaine / Cauri
0%
Crustacés Porcelaine / Porcellane
0%
Cnidaire Porpite
0%
Poisson Porte-enseigne
0%
Oiseau Porte-éventail
0%
Oiseau Porte-lance
0%
Insectes Porte-queue
0%
Oiseau Porte-traîne
0%
Mammifère Potamogale
0%
Mammifère Potoroo / Potorous
0%
Crustacés Pouce-pied
0%
Oiseau Pouillot
0%
Poisson Poulamon
0%
Oiseau Poulette
0%
Poisson Pourceau
0%
Mollusque Pourpre
0%
Mammifère Poyane
0%
Poisson Prêtre
0%
Poisson Princesses
0%
Oiseau Prinia
0%
Oiseau Prion
0%
Insectes Prione
0%
Oiseau Pririt
0%
Poisson Pristiure
0%
Insectes Processionnaire
0%
Poisson Prochilode / Prochilodus
0%
Oiseau Promérops
0%
Insectes Proserpine
0%
Insectes Prosternon
0%
Poisson Protoptère
0%
Autre arthropode Protoure
0%
Reptile Psammodrome
0%
Oiseau Pseudalcippe
0%
Oiseau Pseudobrève
0%
Oiseau Pseudolangrayen
0%
Oiseau Pseudosittine
0%
Oiseau Pseudotraquet
0%
Insectes Psi
0%
Insectes Psilothrix
0%
Insectes Psithyre
0%
Oiseau Psittacule
0%
Oiseau Psittirostre
0%
Oiseau Psittrichas
0%
Oiseau Psophode
0%
Insectes Psychée
0%
Insectes Psylle
0%
Hémichordées Ptérobrances
0%
Mollusque Ptérocère
0%
Poisson Ptérois / Poisson-diable / Poisson-dindon
0%
Insectes Ptérophore
0%
Mammifère Ptilocerque
0%
Oiseau Ptilope
0%
Oiseau Ptilopgon
0%
Insectes Ptine / Voleur
0%
Insectes Purpuricène
0%
Oiseau Pycnoptile
0%
Insectes Pygère
0%
Insectes Pyraline
0%
Insectes Pyrauste
0%
Oiseau Pyréneste
0%
Tunicata Pyrosome
0%
Oiseau Pyrrhoplecte
0%
Reptile Pyxide / Kapidolo
0%
Poisson Quatre-yeux / Poisson à quatre yeux
0%
Oiseau Queue-de-gaz
0%
Insectes Queue-fourchue
0%
Oiseau Queue-grise
0%
Oiseau Radjah
0%
Poisson Raie-guitare
0%
Insectes Raja
0%
Poisson Ramirezi
0%
Insectes Ramoneur
0%
Insectes Ranatre
0%
Oiseau Randie
0%
Mollusque Rapane
0%
Insectes Raphidie
0%
Mollusque Raphitome
0%
Oiseau Rara
0%
Poisson Rasbora
0%
Poisson Raseux-de-terre
0%
Poisson Rason
0%
Mammifère Rat-chinchilla
0%
Insectes Ratissée
0%
Mammifère Rat-viscache
0%
Mammifère Rédunca
0%
Insectes Réduve
0%
Oiseau Rémiz
0%
Oiseau Républicain
0%
Poisson Requin-carpette
0%
Poisson Requin-chabot
0%
Poisson Requin-chat
0%
Poisson Requin-crocodile
0%
Poisson Requin-hâ
0%
Poisson Requin-lézard
0%
Poisson Requin-pyjama
0%
Poisson Requin-tapis
0%
Poisson Requin-taupe
0%
Poisson Requin-vache
0%
Insectes Réseau / Géomètre
0%
Poisson Reuin-zèbre
0%
Oiseau Réveilleur
0%
Oiseau Rhabdornis
0%
Insectes Rhagie
0%
Insectes Rhingie
0%
Mammifère Rhinopithèque
0%
Insectes Rhinosseuse
0%
Oiseau Rhiphidure
0%
Oiseau Rhodospingue
0%
Oiseau Rhynchée
0%
Arachnide Ricinule
0%
Reptile Ringhal
0%
Insectes Robert-le-diable
0%
Oiseau Rochassier
0%
Oiseau Rolle
0%
Poisson Rombou
0%
Poisson Rondeau
0%
Poisson Roucaou
0%
Poisson Rouffe
0%
Insectes Rouillée
0%
Oiseau Rouloul
0%
Insectes Roussâtre
0%
Oiseau Rousserolle
0%
Oiseau Rowettie
0%
Insectes Roxélane
0%
Oiseau Rufipienne
0%
Annélides Sabelle
0%
Insectes Sablé
0%
Mammifère Saccoptère
0%
Crustacés Sacculine
0%
Cnidaire Sagartie
0%
Insectes Sage
0%
Poisson Sagre
0%
Amphibien Salamandrine
0%
Insectes Salamide
0%
Oiseau Salangane
0%
Crustacés Salicoque
0%
Crustacés Sally-pied-léger
0%
Tunicata Salpe
0%
Mammifère Salpingote
0%
Oiseau Saltaticule
0%
Oiseau Saltator
0%
Arachnide Saltique
0%
Oiseau Sapayoa
0%
Oiseau Saphir
0%
Arachnide Sarcopte
0%
Oiseau Sarcoramphe
0%
Poisson Sardinelle
0%
Poisson Sargue
0%
Insectes Satellite
0%
Insectes Saturnie
0%
Insectes Satyre / Mégère
0%
Insectes Satyrion
0%
Poisson Sauclet
0%
Poisson Saupe
0%
Poisson Sauteur de vase
0%
Oiseau Savacou
0%
Insectes Scaphidie
0%
Poisson Scaphirhynque
0%
Insectes Scarabée-atlas
0%
Insectes Scarabée-éléphant
0%
Insectes Scarite
0%
Insectes Scatopse
0%
Oiseau Scissirostre
0%
Insectes Scléroderme
0%
Poisson Scléropage / Poisson-dragon
0%
Oiseau Sclérure
0%
Insectes Scolyte
0%
Poisson Scopelidé
0%
Arachnide Ségestrie
0%
Insectes Seladonia
0%
Poisson Selar
0%
Mammifère Semnopithèque
0%
Oiseau Sénégali
0%
Mollusque | Oiseau Sentinelle
0%
Mollusque Sépiole
0%
Reptile Seps
0%
Poisson Sergent-major
0%
Oiseau Séricorne
0%
Poisson Sériole
0%
Mammifère Sérotine
0%
Reptile Serpent-chat / Couleuvre-chat
0%
Reptile Serpent-lime
0%
Poisson Serpenton
0%
Reptile Serpent-ratier
0%
Reptile Serpent-roi
0%
Reptile Serpent-taupe / Serpent-taureau
0%
Reptile Serpent-tigre
0%
Insectes Serpette
0%
Annélides Serpule
0%
Poisson Serran / Sarran
0%
Insectes Sésie
0%
Poisson Severus
0%
Poisson Sevruga
0%
Oiseau Sharma
0%
Insectes Sialis
0%
Oiseau Sicale
0%
Mammifère Siciste / Sminthe
0%
Oiseau Siffleur
0%
Poisson Sigan
0%
Insectes Silène
0%
Insectes Silphe
0%
Poisson Silure-spatule
0%
Arachnide Singa
0%
Cnidaire Siphonophore
0%
Amphibien Siphonops
0%
Poisson Siphonostome / Syphonostome
0%
Insectes Sirex
0%
Oiseau Sirli
0%
Oiseau Sittine
0%
Oiseau Sizerin
0%
Oiseau Smaragdan
0%
Insectes Smérinthe
0%
Poisson Sofie / Alburne
0%
Echinoderme Soleil de mer / Soleil
0%
Mammifère Solénodon
0%
Poisson Sole-perdrix
0%
Amphibien Sonneur / Crapaud-sonneur
0%
Oiseau Sourciroux
0%
Mammifère Souris-opossum / Opossum-souris
0%
Mammifère Souslik / Spermophile
0%
Poisson Sparaillon / Pataclet
0%
Poisson Spare
0%
Echinoderme Spatangue
0%
Poisson Spatulaire / Poisson-spatule
0%
Amphibien Spélerpès
0%
Poisson Spet
0%
Insectes Sphécode
0%
Oiseau Sphécothère
0%
Insectes Sphex
0%
Annélides Spirobranche-arbre / Ver-arbre
0%
Annélides Spirographe
0%
Mollusque Spirule
0%
Mollusque Spisule
0%
Oiseau Spizin
0%
Mollusque Spondyle
0%
Oiseau Sporophile
0%
Oiseau Sporopipe
0%
Oiseau Spréo
0%
Poisson Squalelet
0%
Insectes Staphylin
0%
Oiseau Starique
0%
Reptile Stellion
0%
Insectes Sténobothre
0%
Insectes Sténoptère
0%
Poisson Sterlet
0%
Oiseau Stictonette
0%
Poisson Stiphodon
0%
Oiseau Stizorhin
0%
Oiseau Stourne
0%
Oiseau Streptocitte
0%
Poisson Stromatée
0%
Mollusque Strombe
0%
Oiseau Sturnelle
0%
Poisson Sublet / Sublaire
0%
Poisson Suceur
0%
Oiseau Sucrier
0%
Poisson Surgeon
0%
Poisson Surmulet
0%
Poisson Surubi
0%
Oiseau Sylphe
0%
Insectes Sylvain
0%
Insectes Sylvaine
0%
Insectes Sylvandre
0%
Insectes Sylvicole
0%
Insectes Sylvine
0%
Insectes Sympètre / Sympétrum
0%
Oiseau Synallaxe
0%
Echinoderme Synapte
0%
Tunicata Synascidie-urne
0%
Mollusque Syndesmie
0%
Poisson Syngnathe
0%
Insectes Syrphe
0%
Oiseau Syrrhapte
0%
Insectes Tabac
0%
Poisson Tacaud
0%
Insectes Tache
0%
Insectes Tacheté
0%
Insectes Tachinaire
0%
Poisson Taïmen
0%
Oiseau Talégalle
0%
Oiseau Talève
0%
Mammifère Tamarau
0%
Oiseau Tamatia
0%
Poisson Tambour
0%
Oiseau Tangara
0%
Insectes Tanyptère
0%
Mammifère Taphien
0%
Poisson Tararira / Traira / Tarango / Tarucha / Patagaye
0%
Oiseau Tardivole
0%
Poisson Targeur
0%
Oiseau Tarier
0%
Poisson Tarpon
0%
Arachnide Tarsonème
0%
Mammifère Taruca
0%
Mammifère Tasmacète
0%
Poisson Tassergal / Pomatome
0%
Oiseau Taurillon
0%
Oiseau Tchagra
0%
Mammifère Tchirou
0%
Oiseau Tchitrec
0%
Reptile Tégu
0%
Insectes Teigne
0%
Insectes Téléphore
0%
Oiseau Témia
0%
Insectes Ténébrion
0%
Mammifère Tenkile
0%
Insectes Tenthrède
0%
Insectes Tentyrie
0%
Oiseau Tersine
0%
Oiseau Tésie
0%
Poisson Tête-de-boule
0%
Oiseau Tête-de-feu
0%
Oiseau Tête-de-peluche
0%
Oiseau Tétéma
0%
Oiseau Tétraka
0%
Oiseau Tétraogalle
0%
Oiseau Tétraophase
0%
Insectes Tétrix
0%
Poisson Tétrodon
0%
Insectes Thaïs
0%
Insectes Thaumas
0%
Poisson Thazard
0%
Insectes Thècle
0%
Mollusque Théracère
0%
Oiseau Thinocore
0%
Arachnide Thomise
0%
Poisson Thonine
0%
Insectes Thrips
0%
Oiseau Tichodrome
0%
Oiseau Timalie
0%
Insectes Timandre
0%
Insectes Timide
0%
Oiseau Tinamou
0%
Insectes Tingitane
0%
Insectes Tircis
0%
Insectes Tisseuse
0%
Oiseau Tityre
0%
Oiseau Tocro
0%
Oiseau Todier
0%
Oiseau Todirostre
0%
Crustacés Tombourou
0%
Oiseau Torcol
0%
Insectes Tordeuse
0%
Oiseau Torquéole
0%
Oiseau Torrentaire
0%
Reptile Tortue-boîte
0%
Reptile Tortue-giraffe
0%
Poisson Totoaba
0%
Oiseau Toucannet
0%
Oiseau Toui
0%
Poisson Touladi
0%
Oiseau Tourco
0%
Oiseau Tournepierre
0%
Oiseau Tourtelette
0%
Mollusque Toutenon
0%
Oiseau Toxoramphe
0%
Oiseau Tragopan
0%
Poisson Tranchoir
0%
Insectes Trapèze
0%
Oiseau Traquet
0%
Oiseau Travailleur
0%
Oiseau Trembleur
0%
Echinoderme Trépang
0%
Insectes Trichie
0%
Nématode Trichine
0%
Reptile Tricot
0%
Reptile Trigonocéphale
0%
Reptile Trimérésure
0%
Mammifère Triok
0%
Reptile Trionix / Trionyx
0%
Poisson Triptérygion
0%
Insectes Tristan
0%
Insectes Trithémis
0%
Mollusque Tritonia
0%
Insectes Troënière
0%
Arachnide Trombidion
0%
Mollusque Trompette
0%
Mollusque Troque
0%
Insectes Trox
0%
Oiseau Trugon
0%
Mollusque Truncatelle
0%
Cnidaire Tubastrée
0%
Cnidaire Tubulaire
0%
Oiseau Turdinule
0%
Oiseau Turnix
0%
Mollusque Tylodine
0%
Reptile Typhlops
0%
Oiseau Tyranneau
0%
Poisson Umbre
0%
Oiseau Upucerthie
0%
Poisson Uranoscope
0%
Oiseau Urotangara
0%
Oiseau Vacher
0%
Poisson Vairon-brochet
0%
Insectes Vanesse
0%
Oiseau Vaza
0%
Cnidaire Vélelle
0%
Insectes Vélie
0%
Mollusque Veloutée
0%
Poisson Ventre-pourri
0%
Oiseau Venturon
0%
Mollusque Vénus
0%
Insectes Verdelet
0%
Oiseau Verdin
0%
Cnidaire Vérétille / Carotte / Verge
0%
Insectes Vergeté
0%
Mollusque Vermet
0%
Mollusque Vernis
0%
Poisson Verrue
0%
Mammifère Verspertilion
0%
Mollusque Vertigo
0%
Mammifère Vespère
0%
Insectes Vice-roi
0%
Oiseau Viréo
0%
Oiseau Viréon
0%
Poisson Virli
0%
Mollusque Vivipare
0%
Insectes Voile
0%
Insectes | Poisson Voilier
0%
Insectes Volucelle
0%
Mollusque Volute
0%
Poisson Vracton
0%
Insectes Vrillette / Stégobie
0%
Insectes Vulcain
0%
Mammifère Warabi
0%
Insectes Wéta
0%
Poisson Wiwa
0%
Reptile Woma
0%
Mammifère Wyulda
0%
Crustacés Xanthe
0%
Insectes Xanthie
0%
Reptile Xantusie
0%
Oiseau Xénique
0%
Oiseau Xénodacnis
0%
Reptile Xénodon
0%
Oiseau Xénoperdrix
0%
Oiseau Xénosphingue
0%
Insectes Xyline
0%
Reptile Yarara
0%
Poisson Yeux-rouges
0%
Oiseau Yuhina
0%
Poisson Z'amab / Z'anguille
0%
Poisson Zancle
0%
Poisson Zawag
0%
Oiseau Zéna
0%
Insectes Zérène
0%
Insectes Zeuzère
0%
Reptile Zonure
0%
Oiseau Zostérops
0%
Insectes Zygène
0%
Aucun quiz correspondant
Distribution des résultats
% des personnes avec chaque résultat
Percentile par nombre de réponses
Votre historique - résultats
Vous n’avez pas pris ce quiz depuis la dernière actualisation